000 01187nam0a2200337 4500
001 RU\NLR\bibl\1184097
005 20260405150402.0
010 _a978-5-94966-070-6
_910000
021 _aRU
_b2007-87915
_94753
035 _a(nilc)IZD\AST\2007\754711
035 _a(NLR Aleph) 001170682
090 _a1595379
_c1595379
100 _a20071005d2007 |||y0rusy50 ca
101 0 _arus
102 _aRU
105 _aa |||||||||
200 1 _aНет, я - не гений, я - другой!
_fШура Каретный
_g[ил. А.А. Маркелова]
210 _aМосква
_cФолио СП
_d2007
215 _a187, [4] с.
_cил.
_d21
225 1 _aНеограничено ненормативная лексика
686 _a0610
_aРоссийская проза
_2TCC-BG
686 _aШ6(2=Р)75-744.05
700 1 _4070
_8rus
_7ca
_aКаретный
_bШ.
_f1950-
_gШура
_3RU\NLR\auth\7761702
_944632
702 1 _aМаркелов
_bА. А.
_4440
801 0 _aRU
_bЛИБНЕТ
_c20071005
801 1 _aRU
_bЦУНБ Москва
_c20071015
_2rusmarc
801 2 _aRU
_bNLR
_c20080205
_grcr
942 _cBOOK
980 _aNB